OECD employment outlook 2021 (Registro nro. 52347)
[ vista simple ]
| 000 -CABECERA | |
|---|---|
| Longitud fija campo de control | 01723nam a2200457 c 4500 |
| 001 - NÚMERO DE CONTROL | |
| Número de control | 52347 |
| 003 - IDENTIFICADOR DE NÚMERO DE CONTROL | |
| Identificador del número de control | ES-MaCES |
| 005 - FECHA Y HORA DE LA ÚLTIMA TRANSACCIÓN | |
| Fecha y hora de la última transacción | 20250203133932.0 |
| 007 - PHYSICAL DESCRIPTION FIXED FIELD--GENERAL INFORMAT | |
| Campo fijo de descripción física | cr ||||||||||| |
| 008 - CAMPO FIJO DE DESCRIPCIÓN FIJA--INFORMACIÓN GENERAL | |
| Códigos de información de longitud fija | 220624s2021 fr rt i000 | eng d |
| 020 ## - ISBN (INTERNATIONAL STANDARD BOOK NUMBER) | |
| Número Internacional Normalizado para Libros (ISBN) | 9789264708723 (print) |
| 020 ## - ISBN (INTERNATIONAL STANDARD BOOK NUMBER) | |
| Número Internacional Normalizado para Libros (ISBN) | 9789264340336 (pdf) |
| 040 ## - FUENTE DE CATALOGACIÓN | |
| Centro catalogador de origen | ES-MaCES |
| Lengua de catalogación | spa |
| Centro transcriptor | ES-MaCES |
| 245 00 - MENCIÓN DE TÍTULO | |
| Título | OECD employment outlook 2021 |
| Medio | Recurso electrónico |
| Resto del título | : navigating the COVID-19 crisis and recovery |
| 260 ## - PUBLICACIÓN, DISTRIBUCIÓN, ETC (PIE DE IMPRENTA) | |
| Lugar de publicación, distribución, etc. | Paris |
| Nombre del editor, distribuidor, etc. | OECD |
| Fecha de publicación, distribución, etc. | [2021] |
| 300 ## - DESCRIPCIÓN FÍSICA | |
| Extensión | 1 documento pdf |
| Otras características físicas | gráf. col. |
| Dimensiones | (9,59 mb) |
| 541 ## - NOTA DE LA FUENTE INMEDIANTE DE ADQUISICIÓN | |
| Forma de adquisición | Suscripción conjunta |
| 650 #4 - ASIENTO SECUNDARIO DE MATERIA--TÉRMINO DE MATERIA | |
| Término de materia o nombre geográfico como elemento inicial | empleo |
| 9 (RLIN) | 28299 |
| 650 #4 - ASIENTO SECUNDARIO DE MATERIA--TÉRMINO DE MATERIA | |
| Término de materia o nombre geográfico como elemento inicial | mercado de trabajo |
| 9 (RLIN) | 28292 |
| 650 #4 - ASIENTO SECUNDARIO DE MATERIA--TÉRMINO DE MATERIA | |
| Término de materia o nombre geográfico como elemento inicial | Covid-19 |
| 9 (RLIN) | 39751 |
| 650 #4 - ASIENTO SECUNDARIO DE MATERIA--TÉRMINO DE MATERIA | |
| Término de materia o nombre geográfico como elemento inicial | crisis económica |
| 9 (RLIN) | 27102 |
| 650 #4 - ASIENTO SECUNDARIO DE MATERIA--TÉRMINO DE MATERIA | |
| Término de materia o nombre geográfico como elemento inicial | evaluación del impacto |
| 9 (RLIN) | 30732 |
| 650 #4 - ASIENTO SECUNDARIO DE MATERIA--TÉRMINO DE MATERIA | |
| Término de materia o nombre geográfico como elemento inicial | subcontratación |
| 9 (RLIN) | 28256 |
| 650 #4 - ASIENTO SECUNDARIO DE MATERIA--TÉRMINO DE MATERIA | |
| Término de materia o nombre geográfico como elemento inicial | trabajador doméstico |
| 9 (RLIN) | 28431 |
| 650 #4 - ASIENTO SECUNDARIO DE MATERIA--TÉRMINO DE MATERIA | |
| Término de materia o nombre geográfico como elemento inicial | salario bajo |
| 9 (RLIN) | 30448 |
| 650 #4 - ASIENTO SECUNDARIO DE MATERIA--TÉRMINO DE MATERIA | |
| Término de materia o nombre geográfico como elemento inicial | ordenamiento del tiempo de trabajo |
| 9 (RLIN) | 29205 |
| 650 #4 - ASIENTO SECUNDARIO DE MATERIA--TÉRMINO DE MATERIA | |
| Término de materia o nombre geográfico como elemento inicial | política laboral |
| 9 (RLIN) | 28290 |
| 650 #4 - ASIENTO SECUNDARIO DE MATERIA--TÉRMINO DE MATERIA | |
| Término de materia o nombre geográfico como elemento inicial | política de empleo |
| 9 (RLIN) | 28300 |
| 650 #4 - ASIENTO SECUNDARIO DE MATERIA--TÉRMINO DE MATERIA | |
| Término de materia o nombre geográfico como elemento inicial | fomento del empleo |
| 9 (RLIN) | 30270 |
| 650 #4 - ASIENTO SECUNDARIO DE MATERIA--TÉRMINO DE MATERIA | |
| Término de materia o nombre geográfico como elemento inicial | creación de empleos |
| 9 (RLIN) | 29242 |
| 650 #4 - ASIENTO SECUNDARIO DE MATERIA--TÉRMINO DE MATERIA | |
| Término de materia o nombre geográfico como elemento inicial | país de la OCDE |
| 9 (RLIN) | 29055 |
| 650 #4 - ASIENTO SECUNDARIO DE MATERIA--TÉRMINO DE MATERIA | |
| Término de materia o nombre geográfico como elemento inicial | 2021 |
| 9 (RLIN) | 39925 |
| 650 #4 - ASIENTO SECUNDARIO DE MATERIA--TÉRMINO DE MATERIA | |
| Término de materia o nombre geográfico como elemento inicial | informe |
| 9 (RLIN) | 28986 |
| 653 10 - TÉRMINO DE INDEXACIÓN--NO CONTROLADO | |
| Término no controlado | Empleo |
| 710 2# - ENCABEZAMIENTO SECUNDARIO--NOMBRE CORPORATIVO | |
| Nombre de entidad o nombre de jurisdicción como elemento inicial | Organización de Cooperación y Desarrollo Económico |
| Término indicativo de función | ed. |
| 9 (RLIN) | 4694 |
| 787 0# - ENTRADA DE OTRAS ESPECIFICACIONES | |
| Título | OECD employment outlook 2020 [Recurso electrónico] : worker security and the COVID-19 crisis |
| Número de control del registro relacionado | (ES-MaCES)51823 |
| 856 4# - ACCESO ELECTRÓNICO | |
| Identificador Uniforme del Recurso (URI) | https://doi.org/10.1787/5a700c4b-en |
| Texto del enlace | https://doi.org/10.1787/5a700c4b-en [shows all issues in this serial] |
| 856 4# - ACCESO ELECTRÓNICO | |
| Texto del enlace | texto completo |
| Identificador Uniforme del Recurso (URI) | http://biblioteca.ces.es/repintra/B52347.pdf |
| Nota pública | [intranet] |
| 902 ## - CES. TIPO DE DOCUMENTO | |
| Tipodoc (006$c Sirtex) | ELE PUB. ELECTRONICA |
| 942 ## - ELEMENTOS KOHA | |
| Fuente de clasificaión o esquema | Clasificación propia del CES |
| Koha [por defecto] tipo de item | Monografías |
| Parte de clasificación | Empleo |
No hay ítems disponibles.
